000 00320nam a22001337a 4500
008 170802b xxu||||| |||| 00| 0 eng d
020 _a026263113X
041 _aeng
080 _a004
100 _a32
101 _aSHKI
245 _aEXPLORATIONS IN PARALLEL DISTRIBUTED PROCESSING
_cMCCLELLAND, J.L
942 _2udc
_cBK
999 _c22561
_d22561